[Event "Bratislava Slovan op"]
[Site "Bratislava"]
[Date "2018.05.01"]
[Round "7"]
[White "Kulik, Juraj"]
[Black "Halasz, Michal"]
[Result "1/2-1/2"]
[WhiteElo "1559"]
[BlackElo "1654"]
[PlyCount "72"]
[EventDate "2018.04.27"]
[EventType "swiss"]
[EventRounds "9"]
[EventCountry "SVK"]
[SourceTitle "EXT 2023"]
[Source "ChessBase"]
[SourceDate "2022.10.05"]
[SourceVersion "1"]
[SourceVersionDate "2022.10.05"]
[SourceQuality "1"]

1. d4 Nf6 2. c4 e6 3. Nc3 b6 4. Nf3 Bb7 5. e3 Ne4 6. Nxe4 Bxe4 7. Bd3 Bb7 8. 0-0 Be7 9. e4 d6 10. Be3 0-0 11. Qc2 Nd7 12. Nd2 e5 13. d5 a5 14. Nf3 Nf6 15. Qd2 Bc8 16. a3 Bg4 17. Ne1 Bh5 18. h3 Bg6 19. f3 h6 20. Nc2 Nh7 21. b4 f5 22. b5 f4 23. Bf2 Bh4 24. Qe1 Bxf2+ 25. Qxf2 Nf6 26. Rfd1 Nh5 27. Ne1 Be8 28. Bf1 Bd7 29. Ra2 Qg5 30. Kh2 Ng3 31. Nd3 Qh4 32. Nc1 g5 33. Ne2 h5 34. Nxg3 fxg3+ 35. Qxg3 Qxg3+ 36. Kxg3 h4+ 1/2-1/2

[Event "Bratislava Slovan op"]
[Site "Bratislava"]
[Date "2018.04.28"]
[Round "2"]
[White "Halasz, Michal"]
[Black "Durovka, Stefan"]
[Result "0-1"]
[WhiteElo "1654"]
[BlackElo "1827"]
[PlyCount "193"]
[EventDate "2018.04.27"]
[EventType "swiss"]
[EventRounds "9"]
[EventCountry "SVK"]
[SourceTitle "EXT 2023"]
[Source "ChessBase"]
[SourceDate "2022.10.05"]
[SourceVersion "1"]
[SourceVersionDate "2022.10.05"]
[SourceQuality "1"]

1. d4 Nf6 2. c4 g6 3. Nc3 Bg7 4. e4 d6 5. f3 c6 6. Be3 Na6 7. Qd2 h5 8. 0-0-0 Qa5 9. Kb1 Be6 10. a3 0-0-0 11. Bd3 Kb8 12. Nge2 Ka8 13. Nc1 Qc7 14. N1a2 Bc8 15. b4 e6 16. Rc1 Qd7 17. Rhd1 Nb8 18. Bc2 Qe8 19. h4 Nfd7 20. Na4 f6 21. N2c3 Qe7 22. g3 Rde8 23. f4 Rhf8 24. Rh1 f5 25. e5 Rd8 26. Qf2 b6 27. c5 dxc5 28. dxc5 b5 29. Nb2 Na6 30. Bb3 Nc7 31. Ne2 Nb8 32. Nd4 Nd5 33. Bd2 Qd7 34. Rhd1 Qc7 35. Kc2 Rfe8 36. Ra1 Na6 37. Nd3 Qd7 38. Bc3 Nxc3 39. Kxc3 Nc7 40. Ne1 Nd5+ 41. Kb2 Qc7 42. Nec2 Bf8 43. Ne3 Bb7 44. Nxd5 exd5 45. Re1 a5 46. Kc3 Kb8 47. Ra2 a4 48. Bd1 Bg7 49. Rae2 Re7 50. Re3 Rde8 51. Qe2 Bc8 52. Kd2 Be6 53. Bc2 Qb7 54. Bd3 Rd8 55. Bc2 Bh6 56. Rh1 Kc8 57. Bd3 Kb8 58. Bc2 Rde8 59. Bd3 Bg7 60. Re1 Bg8 61. Bc2 Kc8 62. Bd3 Bf8 63. Bc2 Rc7 64. Rb1 Qa7 65. Rc3 Qb7 66. Bd1 Rce7 67. Re3 Kc7 68. Bc2 Kd7 69. Bd1 Be6 70. Bc2 Rg7 71. Bd3 Rh7 72. Qe1 Bg7 73. Qe2 Re7 74. Re1 Kc7 75. Rc1 Kb8 76. Re1 Bh6 77. Rh1 Re8 78. Re1 Rg7 79. Rc1 Rge7 80. Re1 Bd7 81. Rc1 Rg8 82. Rb1 Rge8 83. Bc2 Qc7 84. Bd3 Kb7 85. Rc1 Rxe5 86. Rxe5 Rxe5 87. Qf2 Re7 88. Re1 Bc8 89. Kc2 Bg7 90. Rxe7 Qxe7 91. Nf3 Be6 92. Qe2 d4 93. Kd2 Qd7 94. Ne5 Qd5 95. Nxg6 Qb3 96. Bxb5 Qe3+ 97. Kd1 0-1

[Event "SVK-chT2A 1617"]
[Site "Slovakia"]
[Date "2017.03.11"]
[Round "10.8"]
[White "Halasz, Michal"]
[Black "Briestenska, Andrea"]
[Result "0-1"]
[WhiteElo "1673"]
[BlackElo "2016"]
[PlyCount "58"]
[EventDate "2016.10.08"]
[EventType "team-tourn"]
[EventRounds "11"]
[EventCountry "SVK"]
[SourceTitle "EXT 2018"]
[Source "ChessBase"]
[SourceDate "2017.10.13"]
[SourceVersion "1"]
[SourceVersionDate "2017.10.13"]
[SourceQuality "1"]
[WhiteTeam "Bratislava Doprastav II"]
[BlackTeam "Bratislava Slovan V"]
[WhiteTeamCountry "SVK"]
[BlackTeamCountry "SVK"]

1. d4 d6 2. c4 Nf6 3. Nc3 c6 4. e4 Qa5 5. f3 e5 6. d5 Be7 7. Bd3 0-0 8. Nge2 Nbd7 9. Be3 Nc5 10. Bc2 cxd5 11. cxd5 b5 12. b3 b4 13. Nb1 Ba6 14. 0-0 Qb5 15. Re1 Rfc8 16. Nc1 Rc7 17. Nd2 Rac8 18. Nc4 Nfd7 19. Bd3 Nxd3 20. Nxd3 Nb6 21. Bxb6 axb6 22. Rc1 h6 23. g3 Ra8 24. Qd2 Bg5 25. f4 exf4 26. gxf4 Bh4 27. Re2 Qd7 28. Nxb6 Rxc1+ 29. Nxc1 Qa7 0-1

[Event "Bratislava Slovan op"]
[Site "Bratislava"]
[Date "2016.05.04"]
[Round "6"]
[White "Halasz, Michal"]
[Black "Zacka, Ladislav"]
[Result "0-1"]
[WhiteElo "1735"]
[BlackElo "1737"]
[PlyCount "92"]
[EventDate "2016.04.30"]
[EventType "swiss"]
[EventRounds "9"]
[EventCountry "SVK"]
[SourceTitle "EXT 2017"]
[Source "ChessBase"]
[SourceDate "2016.10.25"]
[SourceVersion "1"]
[SourceVersionDate "2016.10.25"]
[SourceQuality "1"]

1. d4 d5 2. c4 e6 3. Nc3 Nf6 4. cxd5 exd5 5. Bg5 Be7 6. e3 0-0 7. Bd3 h6 8. Bf4 c6 9. Qc2 Nbd7 10. Nf3 Nh5 11. Bg3 Nxg3 12. hxg3 Nf6 13. Ne5 Bd6 14. Nf3 Bg4 15. 0-0-0 Rc8 16. Kb1 Re8 17. Bf5 Bxf5 18. Qxf5 Qd7 19. Qxd7 Nxd7 20. g4 Be7 21. Rdf1 Nb6 22. Rh5 Bf8 23. g5 hxg5 24. Nxg5 g6 25. Rh3 Bg7 26. Nf3 a5 27. a4 c5 28. Rd1 cxd4 29. Nxd4 Rc4 30. Ndb5 Rd8 31. Na3 Rg4 32. Rg3 Rxg3 33. fxg3 Bxc3 34. bxc3 Nxa4 35. Kc2 Re8 36. Rd3 Nb6 37. Kd2 Re4 38. Rd4 Rxd4+ 39. exd4 Nc4+ 40. Nxc4 dxc4 41. Kc2 f5 42. Kb2 Kf7 43. Ka3 b5 44. Kb2 Ke6 45. Ka3 Kd5 46. Kb2 b4 0-1

[Event "Bratislava Slovan op"]
[Site "Bratislava"]
[Date "2016.05.02"]
[Round "4"]
[White "Balazec, Ludovit"]
[Black "Halasz, Michal"]
[Result "1-0"]
[WhiteElo "1918"]
[BlackElo "1735"]
[PlyCount "95"]
[EventDate "2016.04.30"]
[EventType "swiss"]
[EventRounds "9"]
[EventCountry "SVK"]
[SourceTitle "EXT 2017"]
[Source "ChessBase"]
[SourceDate "2016.10.25"]
[SourceVersion "1"]
[SourceVersionDate "2016.10.25"]
[SourceQuality "1"]

1. e4 e6 2. d4 d5 3. Nd2 Nf6 4. e5 Nfd7 5. f4 b6 6. g3 Ba6 7. c3 Bxf1 8. Kxf1 c6 9. Kg2 Na6 10. Qe2 Nc7 11. h4 c5 12. Ndf3 c4 13. h5 h6 14. Nh4 Qe7 15. Ngf3 0-0-0 16. b3 b5 17. a4 Nb6 18. axb5 Nxb5 19. Bb2 Kb7 20. Ra5 a6 21. Rha1 Ra8 22. Nd2 Qc7 23. bxc4 Nxc4 24. Nxc4 Qxc4 25. Qxc4 dxc4 26. R5a4 Be7 27. Rxc4 Rhc8 28. Rxc8 Rxc8 29. Rc1 Rc4 30. Nf3 Ba3 31. Bxa3 Nxa3 32. Nd2 Rc8 33. c4 Ka7 34. Rc3 Nb5 35. Rd3 Nc7 36. Kf3 Kb6 37. Rb3+ Kc6 38. Ne4 Ne8 39. Nc5 Ra8 40. Na4 a5 41. d5+ exd5 42. cxd5+ Kc7 43. Rc3+ Kd8 44. d6 f6 45. Rc5 Ra6 46. Rb5 Nxd6 47. exd6 Rxd6 48. Rxa5 1-0

[Event "Bratislava Slovan op"]
[Site "Bratislava"]
[Date "2014.04.29"]
[Round "5"]
[White "Halasz, Michal"]
[Black "Brisudova, Veronika"]
[Result "0-1"]
[WhiteElo "1773"]
[BlackElo "1906"]
[PlyCount "38"]
[EventDate "2014.04.26"]
[EventType "swiss"]
[EventRounds "9"]
[EventCountry "SVK"]
[SourceTitle "CBM 160 Extra"]
[Source "ChessBase"]
[SourceDate "2014.07.01"]
[SourceVersion "1"]
[SourceVersionDate "2014.07.01"]
[SourceQuality "1"]

1. d4 f5 2. g3 g6 3. Bg2 Nf6 4. Nf3 Bg7 5. 0-0 0-0 6. c4 d6 7. Nc3 Qe8 8. e3 Na6 9. a3 c6 10. Re1 e5 11. dxe5 dxe5 12. e4 fxe4 13. Nxe4 Nxe4 14. Rxe4 Nc5 15. Re1 Bg4 16. h3 Rd8 17. Qe2 Bxf3 18. Bxf3 Nb3 19. Bg5 Nd4 0-1

[Event "Bratislava Slovan op"]
[Site "Bratislava"]
[Date "2013.04.27"]
[Round "1"]
[White "Halasz, Michal"]
[Black "Hudec, Jan"]
[Result "0-1"]
[WhiteElo "1727"]
[BlackElo "2005"]
[PlyCount "94"]
[EventDate "2013.04.27"]
[EventType "swiss"]
[EventRounds "9"]
[EventCountry "SVK"]
[SourceTitle "EXT 2023"]
[Source "ChessBase"]
[SourceDate "2022.10.05"]
[SourceVersion "1"]
[SourceVersionDate "2022.10.05"]
[SourceQuality "1"]

1. Nf3 d5 2. b3 Nf6 3. Bb2 Bg4 4. e3 e6 5. Be2 c5 6. 0-0 Nbd7 7. h3 Bh5 8. Ne5 Bxe2 9. Qxe2 Qb6 10. d3 a5 11. a4 Nxe5 12. Bxe5 Be7 13. Nd2 0-0 14. e4 Qc6 15. Rfd1 Rac8 16. Qf3 Rfd8 17. Re1 Qd7 18. Nf1 dxe4 19. dxe4 c4 20. Rad1 Qc6 21. Ng3 b5 22. axb5 Qxb5 23. Bxf6 Bxf6 24. Rxd8+ Rxd8 25. Rd1 Rb8 26. Qe2 cxb3 27. Qxb5 Rxb5 28. cxb3 Rxb3 29. e5 Be7 30. Ne2 g6 31. Ra1 Rb2 32. Kf1 Bc5 33. g3 Bb6 34. Ra4 Kg7 35. Re4 Rb1+ 36. Kg2 Rb4 37. Rxb4 axb4 38. Nc1 g5 39. g4 Bd4 40. Kf3 Bxe5 41. Ke4 Bd6 42. Kd3 Kf6 43. Kc4 Ke5 44. Ne2 Ke4 45. Ng1 f5 46. f3+ Ke3 47. gxf5 exf5 0-1

[Event "Bratislava Doprastav op"]
[Site "Bratislava"]
[Date "2010.07.07"]
[Round "8"]
[White "Halasz, Michal"]
[Black "Marcisin, Andrej"]
[Result "1-0"]
[WhiteElo "1811"]
[BlackElo "1444"]
[PlyCount "101"]
[EventDate "2010.07.02"]
[EventType "swiss"]
[EventRounds "9"]
[EventCountry "SVK"]
[SourceTitle "EXT 2012"]
[Source "ChessBase"]
[SourceDate "2011.11.24"]
[SourceVersion "1"]
[SourceVersionDate "2011.11.24"]
[SourceQuality "1"]

1. d4 d5 2. c4 Nf6 3. Nc3 c6 4. Nf3 Bg4 5. Ne5 Nbd7 6. Nxg4 Nxg4 7. e4 Nh6 8. cxd5 e5 9. dxe6 fxe6 10. Bxh6 gxh6 11. Qh5+ Ke7 12. Qh4+ Ke8 13. Qxd8+ Kxd8 14. Bc4 e5 15. d5 c5 16. 0-0 Be7 17. f4 exf4 18. Rxf4 Ne5 19. Be2 a6 20. Raf1 Kd7 21. Bg4+ Kd6 22. Be2 Raf8 23. Rxf8 Rxf8 24. Rxf8 Bxf8 25. b3 Bg7 26. Nd1 Ng6 27. g3 Bd4+ 28. Kg2 Ne5 29. a4 a5 30. Nf2 b6 31. h4 Ke7 32. h5 Kf6 33. Nh3 Be3 34. Nf4 Nd7 35. Bg4 Ne5 36. Bf5 c4 37. bxc4 Nxc4 38. Nd3 Bd4 39. Bxh7 Kg5 40. Bg6 b5 41. axb5 a4 42. Nb4 Nd6 43. b6 Bxb6 44. e5 Nc4 45. e6 Kf6 46. Kf3 a3 47. Bd3 Ne5+ 48. Ke4 Bc5 49. Na2 Bd6 50. Be2 Kg5 51. e7 1-0

[Event "Bratislava Doprastav op"]
[Site "Bratislava"]
[Date "2009.07.09"]
[Round "7"]
[White "Just, Jozef"]
[Black "Halasz, Michal"]
[Result "1/2-1/2"]
[WhiteElo "1820"]
[BlackElo "1835"]
[PlyCount "29"]
[EventDate "2009.07.04"]
[EventType "swiss"]
[EventRounds "9"]
[EventCountry "SVK"]
[SourceTitle "EXT 2015"]
[Source "ChessBase"]
[SourceDate "2014.11.20"]
[SourceVersion "1"]
[SourceVersionDate "2014.11.20"]
[SourceQuality "1"]

1. e4 d6 2. f4 g6 3. Nf3 Bg7 4. d4 Nf6 5. Nc3 0-0 6. h3 c5 7. dxc5 dxc5 8. Qxd8 Rxd8 9. Be3 b6 10. Bc4 e6 11. g4 Bb7 12. Nd2 Nc6 13. 0-0-0 Nd4 14. Rhg1 Rac8 15. f5 1/2-1/2

[Event "Bratislava Doprastav op"]
[Site "Bratislava"]
[Date "2008.07.03"]
[Round "7"]
[White "Halasz, Michal"]
[Black "Peitl, Tomas"]
[Result "0-1"]
[WhiteElo "1859"]
[BlackElo "2007"]
[PlyCount "48"]
[EventDate "2008.06.28"]
[EventType "swiss"]
[EventRounds "7"]
[EventCountry "SVK"]
[SourceTitle "CBM 125 Extra"]
[Source "ChessBase"]
[SourceDate "2008.09.01"]
[SourceVersion "1"]
[SourceVersionDate "2008.09.01"]
[SourceQuality "1"]

1. Nf3 d5 2. b3 Nf6 3. Bb2 c5 4. e3 Bg4 5. Be2 e6 6. 0-0 Bd6 7. h3 h5 8. d4 Bxf3 9. Bxf3 cxd4 10. Bxd4 Nc6 11. Bb2 Bc7 12. g3 h4 13. Kg2 Qd6 14. Qe1 Ne5 15. Bxe5 Qxe5 16. Nd2 hxg3 17. fxg3 Ne4 18. Bxe4 dxe4 19. Nc4 Qh5 20. Rh1 Qf3+ 21. Kh2 0-0-0 22. Kg1 Bxg3 23. Qf1 Qh5 24. Qg2 Rh6 0-1

[Event "Bratislava Doprastav op"]
[Site "Bratislava"]
[Date "2008.07.02"]
[Round "6"]
[White "Povraznik, Peter"]
[Black "Halasz, Michal"]
[Result "1/2-1/2"]
[WhiteElo "1757"]
[BlackElo "1859"]
[PlyCount "86"]
[EventDate "2008.06.28"]
[EventType "swiss"]
[EventRounds "7"]
[EventCountry "SVK"]
[SourceTitle "CBM 125 Extra"]
[Source "ChessBase"]
[SourceDate "2008.09.01"]
[SourceVersion "1"]
[SourceVersionDate "2008.09.01"]
[SourceQuality "1"]

1. d4 d5 2. c4 c6 3. Nc3 Nf6 4. Bg5 e6 5. e3 Nbd7 6. Nf3 Qa5 7. Bxf6 Nxf6 8. a3 g6 9. b4 Qc7 10. Bd3 dxc4 11. Bxc4 Bd6 12. 0-0 0-0 13. Rc1 Qe7 14. Qc2 a5 15. Ra1 axb4 16. axb4 Rxa1 17. Rxa1 Bxb4 18. Ra7 Bxc3 19. Qxc3 Nd5 20. Qb3 Qb4 21. Ne5 Qxb3 22. Bxb3 f6 23. Nc4 Rd8 24. Na5 Ne7 25. Nxb7 Bxb7 26. Bxe6+ Kf8 27. Rxb7 c5 28. Rd7 Ra8 29. g3 cxd4 30. exd4 Ke8 31. Kg2 Rd8 32. Rxd8+ Kxd8 33. Kf3 Kc7 34. h4 Kd6 35. Bb3 h6 36. g4 g5 37. hxg5 hxg5 38. Ke4 Nc8 39. Kf5 Ke7 40. Kg6 Nd6 41. f3 Nb5 42. d5 Nd6 43. Ba4 Nc8 1/2-1/2

[Event "Bratislava Doprastav op"]
[Site "Bratislava"]
[Date "2008.06.30"]
[Round "4"]
[White "Pozsar, Peter"]
[Black "Halasz, Michal"]
[Result "1/2-1/2"]
[WhiteElo "1693"]
[BlackElo "1859"]
[PlyCount "53"]
[EventDate "2008.06.28"]
[EventType "swiss"]
[EventRounds "7"]
[EventCountry "SVK"]
[SourceTitle "CBM 125 Extra"]
[Source "ChessBase"]
[SourceDate "2008.09.01"]
[SourceVersion "1"]
[SourceVersionDate "2008.09.01"]
[SourceQuality "1"]

1. d4 Nf6 2. Nf3 g6 3. c3 Bg7 4. Nbd2 0-0 5. e4 d6 6. Bd3 Nbd7 7. Qc2 e5 8. Nb3 b6 9. Bg5 Bb7 10. 0-0-0 Rc8 11. dxe5 dxe5 12. h4 Qe8 13. g4 c5 14. Nbd2 Nxg4 15. Rdf1 h5 16. Nh2 Nxh2 17. Rxh2 a6 18. Bc4 b5 19. Be2 Nf6 20. Rg1 Qe6 21. Kb1 Kh7 22. f4 exf4 23. Bxf6 Bxf6 24. Bxh5 Be5 25. Bg4 f5 26. Bf3 fxe4 27. Nxe4 1/2-1/2

[Event "Bratislava Doprastav op"]
[Site "Bratislava"]
[Date "2006.06.26"]
[Round "4"]
[White "Hebelka, Milos"]
[Black "Halasz, Michal"]
[Result "1-0"]
[WhiteElo "2102"]
[BlackElo "1902"]
[PlyCount "73"]
[EventDate "2006.06.24"]
[EventType "swiss"]
[EventRounds "9"]
[EventCountry "SVK"]
[SourceTitle "EXT 2008"]
[Source "ChessBase"]
[SourceDate "2007.11.25"]
[SourceVersion "1"]
[SourceVersionDate "2007.11.25"]
[SourceQuality "1"]

1. e4 e6 2. d4 b6 3. c4 Bb7 4. Nc3 c5 5. d5 exd5 6. exd5 d6 7. Nf3 g6 8. Be3 Bg7 9. Qd2 Ne7 10. Bd3 h6 11. 0-0 Na6 12. Bc2 Nc7 13. Rfe1 Kf8 14. Re2 b5 15. Bb3 bxc4 16. Bxc4 Ba6 17. Bxa6 Nxa6 18. Rae1 Nf5 19. Bf4 Nc7 20. g4 Nd4 21. Nxd4 cxd4 22. Ne4 Nxd5 23. Nxd6 Nc7 24. Re7 Qxe7 25. Rxe7 Kxe7 26. Ne4 Nd5 27. Bd6+ Ke6 28. Ba3 f5 29. gxf5+ gxf5 30. Nd6 Be5 31. Nc4 Rhg8+ 32. Kf1 Rg6 33. Qe2 Ne3+ 34. fxe3 d3 35. Qxd3 Rag8 36. Nxe5 Rg1+ 37. Kf2 1-0